[Event "US Open-88"]
[Site "Portland"]
[Date "1987.08.13"]
[Round "11"]
[White "Roffman, Daniel"]
[Black "Sanchez Kiesow, Tony W"]
[Result "0-1"]
[WhiteElo "2085"]
[BlackElo "2024"]
[PlyCount "118"]
[EventDate "1987.08.02"]
[EventType "swiss"]
[EventRounds "12"]
[EventCountry "USA"]
[SourceTitle "EXT 1997"]
[Source "ChessBase"]
[SourceDate "1996.11.15"]
[SourceVersion "1"]
[SourceVersionDate "1996.11.15"]
[SourceQuality "1"]

1. d4 Nf6 2. c4 c5 3. d5 e6 4. Nc3 exd5 5. cxd5 d6 6. e4 g6 7. f4 Bg7 8. Bb5+ Nfd7 9. a4 a6 10. Bd3 0-0 11. Nf3 Qc7 12. 0-0 c4 13. Bc2 Re8 14. Re1 Nf6 15. Be3 Bg4 16. h3 Bxf3 17. Qxf3 Nbd7 18. Bd4 Re7 19. Kh1 Rae8 20. Rad1 Nc5 21. Re2 Nfd7 22. Bf2 Qb8 23. Bh4 Bf6 24. Bxf6 Nxf6 25. g4 b5 26. axb5 axb5 27. g5 Nfd7 28. Re3 b4 29. Ne2 Qa8 30. Nd4 Nb8 31. Qe2 Qa6 32. f5 c3 33. Qe1 b3 34. Nxb3 Nxb3 35. Bxb3 gxf5 36. bxc3 Nd7 37. Ra1 Qb7 38. Ba4 Rxe4 39. Rxe4 Rxe4 40. Qd1 Nc5 41. Bc6 Qe7 42. Qf3 Re1+ 43. Rxe1 Qxe1+ 44. Kg2 Qd2+ 45. Kf1 Qxg5 46. Ke2 Kg7 47. c4 Ne4 48. Bb5 Kf6 49. Qe3 Qxe3+ 50. Kxe3 Ke5 51. Be8 f4+ 52. Ke2 f6 53. Bb5 Nc3+ 54. Kf3 Nxb5 55. cxb5 Kxd5 56. Kxf4 Kc5 57. h4 Kxb5 58. h5 d5 59. h6 d4 0-1